Valtiot, joissa on korkein eliniänodote - Statistics

Yleistilastot
  • Tätä visaa on pelattu 5 496 kertaa
  • Keskiarvotulos 13 / 20
Vastaustilastot
Eliniänodote Valtio % Oikein
82,6 Norja
92%
82,7 Ruotsi
92%
84,9 Japani
89%
83,8 Kanada
79%
83,6 Islanti
78%
82,6 Ranska
76%
82,6 Italia
74%
82,6 Espanja
72%
83,1 Australia
68%
83,2 Sveitsi
68%
83,0 Etelä-Korea
67%
82,6 Uusi-Seelanti
58%
89,5 Monaco
57%
83,0 Luxemburg
54%
83,9 San Marino
51%
83,4 Andorra
50%
82,6 Liechtenstein
50%
83,2 Malta
42%
86,4 Singapore
40%
83,4 Israel
19%
Ehtoja vastaavia visoja ei löytynyt
Tulosjakauma
Jokaisen tuloksen saaneiden osuus
Persentiili vastausten määrän mukaan
Tuloshistoriasi
Et ole pelannut tätä visaa